000 00255 a2200109 4500
001 63500
082 _a923.55491 CHA
090 _c37515
_d37515
100 _aChadhry Safar A
245 _aAn Airman Remembers
260 _aLahore
_bPAF Book Club
_c1993
942 _aNUST-CAE
_k923.55491 CHA
999 _c298573
_d298573